000 00800nas a2200253 4500
001 BR9505012
003 BR-BrBNA
005 20231205094150.0
007 ta
008 230509b bl.|||p| |||| 00| 00por d
040 _aBR-BrBNA
_bpor
_cBiblioteca Nacional de Agricultura
041 _a(Pt)
072 _aH20; F04
100 1 _aCosta, N. de L.
100 1 _aPaulino, V.T.
245 1 _aEfeito de micorrizas vesiculo - arbusculares sobre o crescimento e absorcao de fosforo em Andropogon gayanus cv. Planaltina
650 _aCapim Andropogon
650 _aMicorriza
650 _aGraminea
650 _aFosforo
773 0 _tCiencia Agronomica (Brazil)
_xISSN 0045-6888
_g(Jun-Dec 1989), v. 20(1-2) p. 21-24
_wBR9505012
909 _a202311
_bLúcia
_c55
_dLúcia Elande
942 _2AGRIS
_n0
_cANA
999 _c142487
_d142487